000 00497nam a2200193 a 4500
001 1768017001677
003 YourLibrary
005 20260110115846.0
008 260110s1981##################000#0#eng##
020 _a9780521298810
082 0 4 _a302
_bARG
100 1 _aArgyle, Michael,
_eauthor.
245 1 0 _aSocial Situations :
260 _bCambridge University Press,
_c1981.
300 _a466 pages
650 0 _aPsychology.
942 _cENGLISH
040 _aYourLibrary
_beng
_cYourLibrary
999 _c608123
_d608123